Fr. Conceicao Rodrigues College of Engineering

Jigs and Fixtures (Record no. 35247)

MARC details
000 -LEADER
fixed length control field 00279nam a2200133Ia 4500
082 ## - DEWEY DECIMAL CLASSIFICATION NUMBER
Classification number 621.992
Item number GRA
100 ## - MAIN ENTRY--PERSONAL NAME
Personal name Grant/H.E
245 ## - TITLE STATEMENT
Title Jigs and Fixtures
260 ## - PUBLICATION, DISTRIBUTION, ETC.
Name of publisher, distributor, etc. Tata McGraw Hill
Place of publication, distribution, etc. New Delhi
Date of publication, distribution, etc. 1985
300 ## - PHYSICAL DESCRIPTION
Extent 160
546 ## - LANGUAGE NOTE
Language note ENGLISH
654 ## - SUBJECT ADDED ENTRY--FACETED TOPICAL TERMS
Focus term jigs
942 ## - ADDED ENTRY ELEMENTS (KOHA)
Koha item type BOOK
Holdings
Withdrawn status Lost status Damaged status Not for loan Collection Home library Current library Shelving location Date acquired Cost, normal purchase price Total Checkouts Full call number Barcode Date last seen Cost, replacement price Price effective from Koha item type
        CRC Fr. Agnel's C.Rodrigues College of Engineering Fr. Agnel's C.Rodrigues College of Engineering   17/03/2023 78.00   621.992 GRA 981 17/03/2023 78.00 17/03/2023 BOOK
        CRC Fr. Agnel's C.Rodrigues College of Engineering Fr. Agnel's C.Rodrigues College of Engineering   17/03/2023 78.00   621.992 GRA 982 17/03/2023 78.00 17/03/2023 BOOK
        CRC Fr. Agnel's C.Rodrigues College of Engineering Fr. Agnel's C.Rodrigues College of Engineering   17/03/2023 78.00   621.992 GRA 983 17/03/2023 78.00 17/03/2023 BOOK
        CRC Fr. Agnel's C.Rodrigues College of Engineering Fr. Agnel's C.Rodrigues College of Engineering   17/03/2023 78.00   621.992 GRA 984 17/03/2023 78.00 17/03/2023 BOOK
        CRC Fr. Agnel's C.Rodrigues College of Engineering Fr. Agnel's C.Rodrigues College of Engineering   17/03/2023 78.00   621.992 GRA 985 17/03/2023 78.00 17/03/2023 BOOK